[Event "FRA-chT4 0506"]
[Site "Bretagne"]
[Date "2005.12.09"]
[Round "3"]
[White "Agasse Lafont, Patrick"]
[Black "Robert, Christian"]
[Result "1-0"]
[WhiteElo "1990"]
[BlackElo "1800"]
[PlyCount "91"]
[EventDate "2005.10.16"]
[EventType "team"]
[EventRounds "7"]
[EventCountry "FRA"]
[SourceTitle "EXT 2007"]
[Source "ChessBase"]
[SourceDate "2006.11.23"]
[SourceVersion "1"]
[SourceVersionDate "2006.11.23"]
[SourceQuality "1"]

1. e4 d6 2. d4 g6 3. Be3 Bg7 4. Nc3 Nf6 5. Qd2 Ng4 6. Nf3 Nxe3 7. fxe3 Bg4 8. Bc4 Bxf3 9. gxf3 c6 10. h4 h5 11. f4 e6 12. 0-0-0 d5 13. Bd3 f5 14. e5 Nd7 15. Rdg1 Nf8 16. Nd1 Qc7 17. Nf2 Bh6 18. Nh3 Qe7 19. Ng5 Bxg5 20. Rxg5 0-0-0 21. Rhg1 Qe8 22. c4 Rd7 23. Kb1 Rc7 24. c5 Rhh7 25. Be2 Rce7 26. b4 Kd7 27. b5 Qd8 28. Kc2 Ke8 29. a4 Qc8 30. Qa5 Qa8 31. Rb1 Kf7 32. Rgg1 Kg8 33. Rb3 cxb5 34. Rxb5 Rhg7 35. Rgb1 Rc7 36. Kd2 Rge7 37. Qb4 Qc8 38. a5 Qe8 39. a6 bxa6 40. Rb8 Qf7 41. Bxa6 Re8 42. Qa5 Rxb8 43. Rxb8 Qe7 44. Bb5 Kg7 45. c6 a6 46. Qxc7 1-0